ՀՀ Գիտությունների ազգային ակադեմիայի հիմնարար գիտական գրադարան  =   Fundamental Scientific Library of NAS RA

Նոր Ջուղայի հայ վաճառականությունը և նրա առևտրատնտեսական կապերը Ռուսաստանի հետ XVII-XVIII դարերում = (Record no. 90131)

MARC details
000 -LEADER
fixed length control field 01536nam a2200241 a 4500
001 - CONTROL NUMBER
control field 000251480
003 - CONTROL NUMBER IDENTIFIER
control field AM-YeHGA
005 - DATE AND TIME OF LATEST TRANSACTION
control field 20251211141045.0
008 - FIXED-LENGTH DATA ELEMENTS--GENERAL INFORMATION
fixed length control field 030731s1988 ai ||||fr|||||001|0|arm|d
040 ## - CATALOGING SOURCE
Original cataloging agency AM-YeHGA
100 1# - MAIN ENTRY--PERSONAL NAME
Personal name Խաչիկյան, Շուշանիկ Լևոնի
245 10 - TITLE STATEMENT
Title Նոր Ջուղայի հայ վաճառականությունը և նրա առևտրատնտեսական կապերը Ռուսաստանի հետ XVII-XVIII դարերում =
Remainder of title Армянское купечество Новой Джульфы и его торгово-экономические связы с Россией в XVII-XVIII веках /
Statement of responsibility, etc. Շ.Լ. Խաչիկյան; Պատասխանատու խմբագիր՝ Հ.Դ. Փափազյան; ՀՍՍՀ ԳԱ. Պատմության ինստիտուտ.
246 31 - VARYING FORM OF TITLE
Title proper/short title Армянское купечество Новой Джульфы и его торгово-экономические связы с Россией в XVII-XVIII веках
260 ## - PUBLICATION, DISTRIBUTION, ETC.
Place of publication, distribution, etc. Երևան :
Name of publisher, distributor, etc. ՀՍՍՀ ԳԱ,
Date of publication, distribution, etc. 1988.
300 ## - PHYSICAL DESCRIPTION
Extent 224 էջ.
504 ## - BIBLIOGRAPHY, ETC. NOTE
Bibliography, etc. note Մատենագիտ. գլխ. վերջում
650 14 - SUBJECT ADDED ENTRY--TOPICAL TERM
Topical term or geographic name entry element Առևտուր
Geographic subdivision Նոր Ջուղա
700 1# - ADDED ENTRY--PERSONAL NAME
Personal name Փափազյան, Հակոբ Դավթի,
Dates associated with a name 1919-1997
Relator term խմբագիր
Relationship edt
9 (RLIN) 1602
710 2# - ADDED ENTRY--CORPORATE NAME
Corporate name or jurisdiction name as entry element Գիտությունների ակադեմիա ՀՍՍՀ
9 (RLIN) 4421
710 2# - ADDED ENTRY--CORPORATE NAME
Corporate name or jurisdiction name as entry element Պատմության ինստիտուտ ՀՍՍՀ ԳԱ
856 41 - ELECTRONIC LOCATION AND ACCESS
Uniform Resource Identifier <a href="https://arar.sci.am/dlibra/publication/454673/edition/422216/content">https://arar.sci.am/dlibra/publication/454673/edition/422216/content</a>
Link text Կարդալ առցանց
942 ## - ADDED ENTRY ELEMENTS (KOHA)
Source of classification or shelving scheme Universal Decimal Classification
Koha item type Գրքեր / Books
Holdings
Withdrawn status Lost status Damaged status Not for loan Collection Home library Current library Date acquired Total checkouts Full call number Barcode Date last seen Price effective from Koha item type Public note
        General Fundamental Scientific Library Fundamental Scientific Library 22/12/2016   339.92(479.25) 220076606 22/12/2016 22/12/2016 Գրքեր / Books 30 Days Loan
        General Fundamental Scientific Library Fundamental Scientific Library 22/12/2016   339.92(479.25) 220076607 22/12/2016 22/12/2016 Գրքեր / Books 30 Days Loan
        General Fundamental Scientific Library Fundamental Scientific Library 22/12/2016   339.92(479.25) 220081391 22/12/2016 22/12/2016 Գրքեր / Books 30 Days Loan
        General Fundamental Scientific Library Fundamental Scientific Library 22/12/2016   9(479.25)+9(47+57)1 220076195 22/12/2016 22/12/2016 Գրքեր / Books 30 Days Loan


ՀՀ ԳԱԱ հիմնարար գիտական գրադարան
ՀՀ,Երևան 0019
Մարշալ Բաղրամյան 24/6
հեռախոս:(374-10) 52-47-50
Հետադարձ կապ

All site content, except where otherwise noted, is licensed under a
Creative Commons License